000 00734nam a22002777a 4500
003 CHAP
005 20220329141039.0
008 971013s r 00010 d
010 _a61805
011 _a62777
035 _a66952
040 _cCHAP
090 _aFolleto 14788
245 _aJícama
260 _a(s.e.) :
_b(s.l.),
_c(s.a.)
300 _a15 h.
500 _aFotocopia
590 _aBATCH-UPD
_b10
_c20130110
_lUCH01
_h1511
590 _aBATCH-UPD
_b10
_c20130410
_lUCH01
_h0928
590 _aBATCH-UPD
_b10
_c20130914
_lUCH01
_h1704
590 _aCONVERSION
_b10
_c20130109
_lUCH01
_h1333
650 1 4 _aJícama.
_961910
901 _aBK
942 _cFOLL
949 _aFolleto 14788
_bBC
_cFOLL
_d-152191
_eTS1
_i66952
_si
999 _c61805
_d61805